| 000 | 00541nam a2200193Ia 4500 | ||
|---|---|---|---|
| 005 | 20250508162645.0 | ||
| 008 | 008 250505s9999 xx 000 0 eng d | ||
| 037 | _aTextual | ||
| 040 |
_aFEDL _beng _cFEDL |
||
| 041 |
_aeng _2eng |
||
| 084 |
_a016, CHI _qFEDL |
||
| 245 | 0 | _aBibliography of children's books published in India | |
| 260 |
_aNew Delhi, India _bChildren's Book Trust _c1983 |
||
| 300 | _avi,676p. | ||
| 365 |
_aINR _b150 |
||
| 650 | _aBibliographies | ||
| 942 |
_cTEXL _h016, CHI |
||
| 999 |
_c1377884 _d1377884 |
||